000 00224nam a22000857a 4500
008 160916b xxu||||| |||| 00| 0 eng d
100 _9621
_aNagaraj.G.
245 _aGrammer Express-7
260 _aNew Delhi
_bFrank publications
_c2012
999 _c3280
_d3280